000 00432nam a2200157 i 4500
001 24110
003 ES-MaACL
005 20230906153007.0
007 t|
008 021216s1971 sp ||||1| spa d
100 1 _aAmat Llabres, Juan.
_921140
245 1 3 _aLa poda de los frutales... /
_cJuan Amat Llabres.
260 _aBarcelona :
_bSintes,
_c1971.
300 _a277 p. :
_bil. ;
_c18 cm.
852 _aES-MaACL
_jC-46049
_bR.80134
999 _c24110
_d24110